An appraisal of the level of application of life cycle costing within the construction industry in the UK (Record no. 82791)

MARC details
000 -LEADER
fixed length control field 00936cab a22002415a 4500
001 - CONTROL NUMBER
control field L151417
008 - FIXED-LENGTH DATA ELEMENTS--GENERAL INFORMATION
fixed length control field 101102s2010 xxk 000 0 eng d
035 ## - SYSTEM CONTROL NUMBER
System control number (Sirsi) u151417
041 0# - LANGUAGE CODE
Language code of text/sound track or separate title eng
050 ## - LIBRARY OF CONGRESS CALL NUMBER
Classification number 658.1552 $2 18
100 1# - MAIN ENTRY--PERSONAL NAME
Personal name Olubodun, Femi
245 03 - TITLE STATEMENT
Title An appraisal of the level of application of life cycle costing within the construction industry in the UK
260 ## - PUBLICATION, DISTRIBUTION, ETC.
Date of publication, distribution, etc. 2010
490 ## - SERIES STATEMENT
Series statement Structural Survey
Volume/sequential designation 28(4) 2010 254-265(12)
520 ## - SUMMARY, ETC.
Summary, etc. Evaluates the existence of motivators and barriers which affect the decision to undertake life cycle costing (LCC) analysis in order to identify what actions can be taken to increase usage levels.
590 ## - LOCAL NOTE (RLIN)
Local note KA
651 #4 - SUBJECT ADDED ENTRY--GEOGRAPHIC NAME
Geographic name United Kingdom
690 ## - LOCAL SUBJECT ADDED ENTRY--TOPICAL TERM (OCLC, RLIN)
Topical term or geographic name as entry element BUILT ENVIRONMENT-QUANTITY SURVEYING-CONSTRUCTION COST MANAGEMENT-CONSTRUCTION COST PLANNING
700 1# - ADDED ENTRY--PERSONAL NAME
Personal name Kangwa, Joseph
700 1# - ADDED ENTRY--PERSONAL NAME
Personal name Oladapo, Adebayo
700 1# - ADDED ENTRY--PERSONAL NAME
Personal name Thompson, Judith
942 ## - ADDED ENTRY ELEMENTS (KOHA)
Suppress in OPAC 0
Source of classification or shelving scheme Dewey Decimal Classification
Holdings
Withdrawn status Lost status Source of classification or shelving scheme Damaged status Not for loan Home library Current library Shelving location Date acquired Total Checkouts Full call number Barcode Date last seen Copy number Price effective from Koha item type
    Dewey Decimal Classification     Virtual Virtual Journal article 02/11/2010   ONLINE PUBLICATION 151417-2001 06/08/2019 1 06/08/2019 Journal article